| 000 | 00592nam a2200181Ia 4500 | ||
|---|---|---|---|
| 003 | OSt | ||
| 005 | 20250612143457.0 | ||
| 008 | 210210b1958 xxu||||| |||| 00| 0 eng d | ||
| 040 | _cAL | ||
| 041 | _akan | ||
| 082 | _a852/590 | ||
| 100 |
_aSHRINIVASA HAVANURA _9160113 _dಶ್ರೀನಿವಾಸ ಹಾವನೂರ |
||
| 245 |
_aKartavyananda shriraja purohitaru: _bಕರ್ತವ್ಯಾನಂದ ಶ್ರೀರಾಜ ಪುರೋಹಿತರು |
||
| 260 |
_aDharavada _bParamashankara Prakashana., _c1958 |
||
| 690 |
_aKannada Prose _9160114 |
||
| 906 | _a019156 | ||
| 942 |
_2ddc _cBK |
||
| 999 |
_c143272 _d143272 |
||